Cultura generale dalla a-z: Difficile - Statistics

Statistiche generali
  • Questo quiz è stato fatto 522 volte
  • Il punteggio medio è 10 su 26
Statistiche sulle risposte
Domanda Risposta % Corretto
Fondamentale nel giornalismo dopo le 5 W (when, why, what, who e where) H How
86%
Campi di concentramento sovietici dismessi dal 1987 G Gulag
85%
Nella filosofia indiana l'insieme delle azioni compiute che determinano la reincarnazione K Karma
75%
Paura con conseguente discriminazione di stranieri X Xenofobia
75%
Lo sport per eccellenza di Harry Potter Q Quidditch
62%
Opera del poeta Virgilio scritta nel 39 a.C. per esaltare la vita contadina B Bucoliche
60%
Principio evidente, che non deve e non può essere dimostrato A Assioma
48%
Un tipo è quello del Namib D Deserto
47%
Band che ha fatto "Last Christmas" W Wham!
42%
Stato federale del Messico Y Yucatan
42%
Soprannome del matematico famoso per la sezione aurea F Fibonacci
41%
Lesione di pelle o tessuto epiteliale che ci mette molto per cicatrizzarsi U Ulcera
36%
Figlio di Abramo avuto da una schiava e non dalla moglie I Ismaele
35%
Youtuber singolo con il maggior numero di iscritti M MrBeast
35%
Così si chiama il "volante" usato dai piloti per controllare gli aerei C Cloche
31%
Opera lirica di Puccini T Tosca
28%
___ of Whiskey, canzone dei Metallica J Jar
27%
Città in cui è ambientato il libro di Pennac "Abbaiare Stanca" N Nizza
22%
Figlio (forse immaginario) di Agamennone e Clitemnestra O Oreste
18%
Jesse _________ attore che ha recitato in Now You See Me E Eisenberg
16%
Razza a cui appartiene il padre di Spock V Vulcaniani
16%
Colonna che sporge da un muro, con funzione non di sostegno, ma decorativa L Lesena
15%
Pesticida a base di cianuro che a contatto con l'ossigeno è mortale che era usato nei campi di concentramento Z Zyklon B
11%
Il protagonista (cognome) di "Delitto e Castigo" R Raskolnikov
5%
"-O Frati- dissi, -che per cento milia _______ siete giunti a l'Occidente" (Divina Commedia) P Perigli
4%
Durante la tetrarchia romana del 293 d.C., questa città fu governata da Galerio S Sirmio
3%
Nessun quiz corrispondente trovato
Distribuzione punteggi
Percentuale di utenti per punteggio
Percentile per numero di risposta
I tuoi punteggi nel tempo
Non hai fatto questo quiz